000 00264nam a2200109Ia 4500
008 190216s9999||||xx |||||||||||||| ||und||
100 _aNull
245 0 _aHindi-Hindi Ka Prasar Our Vikas 1952-67
260 _bPoorna Pubs Kozhikode
650 _aHindi
942 _cBK
999 _c15358
_d15358